Library Logo

Pioneer International University Library Catalogue

Annals of Scholarship (Record no. 5597)

MARC details
000 -LEADER
fixed length control field 00324nam a22000977a 4500
005 - DATE AND TIME OF LATEST TRANSACTION
control field 20250901165537.0
008 - FIXED-LENGTH DATA ELEMENTS--GENERAL INFORMATION
fixed length control field 210607b |||||||| |||| 00| 0 eng d
050 ## - LIBRARY OF CONGRESS CALL NUMBER
Classification number AS30 .A56 1993
245 ## - TITLE STATEMENT
Title Annals of Scholarship
Remainder of title An International Quarterly in the Humanities and Social Science
942 ## - ADDED ENTRY ELEMENTS (KOHA)
Source of classification or shelving scheme Library of Congress Classification
Classification part AS30 .A56 1993
Holdings
Withdrawn status Lost status Source of classification or shelving scheme Damaged status Not for loan Home library Current library Shelving location Date acquired Total checkouts Full call number Barcode Date last seen Price effective from Koha item type
    Library of Congress Classification     Main Library Main Library   06/07/2021   AS30 .A56 1993 PIU0004013 06/07/2021 06/07/2021 Books